000 00524nam a2200181Ia 4500
008 090124s9999 xx 000 0 und d
082 _b30074
_a1926
100 _aपंडित बाळ ज.
245 _a सचिन तेंडूलकर
250 _a1
260 _c1999
300 _a256
600 _aपंडित बाळ ज.
630 _a सचिन तेंडूलकर
700 _aपंडित बाळ ज.
730 _a सचिन तेंडूलकर
942 _cBOOK
999 _c143557
_d143557